| 000 | 00559nam a2200181 a 4500 | ||
|---|---|---|---|
| 005 | 20220914063746.0 | ||
| 008 | 991125s1975 par 000 0 fre u | ||
| 035 | _aUPN01000018499 | ||
| 049 | _aCG | ||
| 050 | 4 |
_aLB1167 P7 _bL4.4 |
|
| 100 | 1 | _aLeclercq, Huguette | |
| 245 | 1 | 3 |
_aL' education perceptivo - motrice : _bcahier d'exercices / _cHuguette Leclercq, Paulette Regnier. |
| 260 |
_aParís : _bF. Nathan, _c1975. |
||
| 300 |
_a(64) p. : _bil. col. |
||
| 650 | 7 |
_aEducación psicomotriz _2 _95394 |
|
| 700 | 1 |
_aReginier, Paulette, _ecoaut. |
|
| 905 | _aLibro | ||
| 999 |
_c18499 _d18499 |
||